000 00386nam a22001697a 4500
005 20161015151225.0
008 161015b xxu||||| |||| 00| 0 eng d
020 _a0-19-946185-6
041 _aeng
100 _aKulkarni,Sadiku
_93600
245 _aPrinciples of Electromagnetics
250 _a6th
260 _bOxford
300 _a888
650 _aengineering
_93601
942 _cBK
999 _c5269
_d5267